书目信息 |
| 题名: |
模式识别
|
|
| 作者: | Marques de Sa 著 ;吴逸飞 译 | |
| 分册: | ||
| 出版信息: | 北京 清华大学出版社 2002 |
|
| 页数: | 302页 | |
| 开本: | 23cm | |
| 丛书名: | ||
| 单 册: | ||
| 中图分类: | O235 | |
| 科图分类: | ||
| 主题词: | 模式识别--教材 | |
| 电子资源: | ||
| ISBN: | 7-302-05994-2 | |
| 000 | 01038nam0 2200265 450 | |
| 001 | 05002213552 | |
| 005 | 20050906143009.42 | |
| 010 | @a7-302-05994-2@dCNY45.00 | |
| 100 | @a20040302d2002 ekmy0chiy0120 ea | |
| 101 | 1 | @achi@ceng |
| 102 | @aCN@b110000 | |
| 105 | @aak z 000yy | |
| 200 | 1 | @a模式识别@Amo shi shi bie@e原理、方法及应用@d= Pattern Recognition@eConcepts、Methods and Applications@f(美)J.P.Marques de Sa著@F(mei)J.P.Marques de Sa zhu@g吴逸飞译@zeng |
| 210 | @a北京@c清华大学出版社@d2002 | |
| 215 | @a302页@c图@d23cm | |
| 300 | @a国外计算机科学经典教材 | |
| 305 | @a施普林格出版公司授权出版 | |
| 330 | @a本书主要内容包括模式识别的基本概念、模式识别的主要研究方法,包括统计模式识别方法、神经网络方法和结构模式的识别方法,同时介绍了该领域的最新研究方法和成果。 | |
| 510 | 1 | @aPattern Recognition@eConcepts、Methods and Applications@zeng |
| 606 | 0 | @a模式识别@x教材 |
| 690 | @aO235@v4 | |
| 701 | 0 | @aMarques de Sa@4著 |
| 702 | 0 | @a吴逸飞@Awu yi fei@4译 |
| 801 | 0 | @aCN@bTSSF@c20050906 |
| 905 | @a10447@dO235@e25 | |
| 模式识别:原理、方法及应用= Pattern Recognition:Concepts、Methods and Applications/(美)J.P.Marques de Sa著/吴逸飞译.-北京:清华大学出版社,2002 |
| 302页:图;23cm |
| 国外计算机科学经典教材 |
| ISBN 7-302-05994-2:CNY45.00 |
| 本书主要内容包括模式识别的基本概念、模式识别的主要研究方法,包括统计模式识别方法、神经网络方法和结构模式的识别方法,同时介绍了该领域的最新研究方法和成果。 |
| ● |
| 相关链接 |
|
|
|
|
正题名:模式识别
索取号:O235/25
 
预约/预借
| 序号 | 登录号 | 条形码 | 馆藏地/架位号 | 状态 | 备注 |
| 1 | 0360145 | 3601454 | 第二样本阅览室/ [索取号:O235/25] | 在馆 | |
| 2 | 0360146 | 3601463 | 第三借阅区/ [索取号:O235/25] | 在馆 | |
| 3 | 0360147 | 3601472 | 第三借阅区/ [索取号:O235/25] | 在馆 | |
| 4 | 0360148 | 3601481 | 第三借阅区/ [索取号:O235/25] | 在馆 | |
| 5 | 0360149 | 3601490 | 第三借阅区/ [索取号:O235/25] | 在馆 |